000 00782nam a2200241Ia 4500
001 13803
003 GE_BSU
008 181216s||||||||xx |||||||||||||| ||und||
040 _cGE_BSU
080 _a330+658.014
100 _aСигова,И.И. Войтоловский,В.Н и др.
245 _aОсновы экономики и управления производством.
245 _bУчеб. пособие.
245 _cРед. Г.М.Короткова.
250 _aИзд. 2-е, перераб. и доп.
260 _aМ.
260 _bЭкономика.
260 _c1974.
300 _a339 стр. 22 см.
300 _eТабл.
653 _aОсновы экономики и управления производством.
942 _cBK
999 _c46949
_d46949